[Event "ISL-chT1 1920"]
[Site "Reykjavik"]
[Date "2019.10.05"]
[Round "3.3"]
[White "Stefansson, Vignir Vatnar"]
[Black "Thorsson, Olafur"]
[Result "1-0"]
[WhiteElo "2327"]
[BlackElo "2129"]
[PlyCount "63"]
[EventDate "2019.10.03"]
[EventType "team-tourn"]
[EventRounds "9"]
[EventCountry "ISL"]
[SourceTitle "CBM 195 Extra"]
[Source "ChessBase"]
[SourceDate "2020.05.31"]
[SourceVersion "1"]
[SourceVersionDate "2020.05.31"]
[SourceQuality "1"]
[WhiteTeam "Breidjablik Bolungarvik"]
[BlackTeam "Vikingaklubburinn II"]
[WhiteTeamCountry "ISL"]
[BlackTeamCountry "ISL"]

1. d4 d5 2. c4 e6 3. Nc3 Bb4 4. e3 Ne7 5. Nge2 c5 6. dxc5 Bxc5 7. cxd5 exd5 8. g3 Nbc6 9. Bg2 0-0 10. 0-0 d4 11. Na4 Bb6 12. Nxb6 Qxb6 13. exd4 Rd8 14. b3 Bg4 15. Bb2 Nd5 16. h3 Be6 17. Qd2 a5 18. Nc3 Nxc3 19. Qxc3 Bd5 20. Qc5 Qxc5 21. dxc5 a4 22. Rfd1 Bxg2 23. Kxg2 Rxd1 24. Rxd1 axb3 25. axb3 Ra5 26. b4 Rb5 27. Bc3 f6 28. Kf3 Kf7 29. Rd7+ Kf8 30. Rd2 Ke7 31. Ke4 b6 32. Kd5 1-0

[Event "ISL-chT1 1920"]
[Site "Reykjavik"]
[Date "2019.10.05"]
[Round "4.4"]
[White "Thorsson, Olafur"]
[Black "Haria, Ravi"]
[Result "1/2-1/2"]
[WhiteElo "2129"]
[BlackElo "2463"]
[PlyCount "91"]
[EventDate "2019.10.03"]
[EventType "team-tourn"]
[EventRounds "9"]
[EventCountry "ISL"]
[SourceTitle "CBM 195 Extra"]
[Source "ChessBase"]
[SourceDate "2020.05.31"]
[SourceVersion "1"]
[SourceVersionDate "2020.05.31"]
[SourceQuality "1"]
[WhiteTeam "Vikingaklubburinn II"]
[BlackTeam "Taflfelag Gardjabaejar"]
[WhiteTeamCountry "ISL"]
[BlackTeamCountry "ISL"]

1. d4 e6 2. e4 d5 3. Nc3 Bb4 4. exd5 exd5 5. Qf3 Nc6 6. Bb5 Nge7 7. a3 Ba5 8. Nge2 Bf5 9. Ba4 Qd7 10. 0-0 0-0-0 11. Ng3 Be6 12. Nce2 h5 13. h4 Ng6 14. Qd3 Kb8 15. Bg5 Rde8 16. c3 Reg8 17. b4 Bb6 18. Rfe1 Nxh4 19. Nf4 Qd6 20. Bxc6 Qxc6 21. Rxe6 fxe6 22. Re1 Nf5 23. Rxe6 Nd6 24. Nf5 Re8 25. Rg6 Rhf8 26. Nxd6 cxd6 27. b5 Qd7 28. Nxd5 Qf7 29. Nf4 Bd8 30. Nh3 Bxg5 31. Rxg5 Rc8 32. Qg3 Qc4 33. Rxg7 Qxc3 34. Qxd6+ Ka8 35. Qd5 Rb8 36. Ng5 Qe1+ 37. Kh2 Qxf2 38. Ne6 Qh4+ 39. Kg1 Qf2+ 40. Kh2 Rf7 41. Rxf7 Qxf7 42. b6 axb6 43. Qc4 Rf8 44. Qa4+ Kb8 45. Nxf8 Qxf8 46. Qb4 1/2-1/2

[Event "ISL-chT2 1819"]
[Site "Reykjavik"]
[Date "2018.11.11"]
[Round "4.2"]
[White "Thorsson, Olafur"]
[Black "Norowitz, Yaacov"]
[Result "0-1"]
[WhiteElo "2140"]
[BlackElo "2405"]
[PlyCount "44"]
[EventDate "2018.11.09"]
[EventType "team-tourn"]
[EventRounds "7"]
[EventCountry "ISL"]
[SourceTitle "CBM 187 Extra"]
[Source "ChessBase"]
[SourceDate "2018.11.04"]
[SourceVersion "1"]
[SourceVersionDate "2018.11.04"]
[SourceQuality "1"]
[WhiteTeam "Vikingaklubburinn II"]
[BlackTeam "Skakfelag Selfoss"]
[WhiteTeamCountry "ISL"]
[BlackTeamCountry "ISL"]

1. d4 Nf6 2. Nf3 e6 3. c4 Bb4+ 4. Nbd2 b6 5. e3 Bb7 6. Bd3 c5 7. 0-0 0-0 8. dxc5 bxc5 9. Nb3 Na6 10. a3 Ba5 11. Nxa5 Qxa5 12. b4 cxb4 13. Bd2 Qc5 14. Rb1 Bxf3 15. Qxf3 Rab8 16. e4 bxa3 17. e5 Rxb1 18. Rxb1 Qxe5 19. Bc3 Qg5 20. h4 Qxh4 21. Rb5 Qh6 22. Ra5 Nb8 0-1

[Event "ISL-chT1 1819"]
[Site "Reykjavik"]
[Date "2018.11.09"]
[Round "2.2"]
[White "Thorsson, Olafur"]
[Black "Dadason, Gudmundur"]
[Result "1-0"]
[WhiteElo "2140"]
[BlackElo "2123"]
[PlyCount "37"]
[EventDate "2018.11.08"]
[EventType "team-tourn"]
[EventRounds "9"]
[EventCountry "ISL"]
[SourceTitle "CBM 187 Extra"]
[Source "ChessBase"]
[SourceDate "2018.11.04"]
[SourceVersion "1"]
[SourceVersionDate "2018.11.04"]
[SourceQuality "1"]
[WhiteTeam "Vikingaklubburinn"]
[BlackTeam "Breidjablik Bolungavik"]
[WhiteTeamCountry "ISL"]
[BlackTeamCountry "ISL"]

1. b3 d5 2. Bb2 c5 3. e3 Nf6 4. f4 a6 5. Nf3 Nc6 6. Ne5 Qc7 7. Bd3 e6 8. 0-0 Bd6 9. Ng4 Be7 10. Nxf6+ Bxf6 11. Bxf6 gxf6 12. Qg4 Ke7 13. f5 exf5 14. Bxf5 Bxf5 15. Rxf5 h5 16. Qh4 Rh6 17. Nc3 Rd8 18. Raf1 Rd6 19. Qf4 1-0

[Event "ISL-chT 1617"]
[Site "Reykjavik"]
[Date "2017.03.04"]
[Round "8.5"]
[White "Birkisson, Bardur Orn"]
[Black "Thorsson, Olafur"]
[Result "1-0"]
[WhiteElo "2120"]
[BlackElo "2156"]
[PlyCount "53"]
[EventDate "2016.09.29"]
[EventType "team-tourn"]
[EventRounds "9"]
[EventCountry "ISL"]
[SourceTitle "EXT 2018"]
[Source "ChessBase"]
[SourceDate "2017.10.13"]
[SourceVersion "1"]
[SourceVersionDate "2017.10.13"]
[SourceQuality "1"]
[WhiteTeam "Reykjavik II"]
[BlackTeam "Vikingaklubburinn"]
[WhiteTeamCountry "ISL"]
[BlackTeamCountry "ISL"]

1. d4 Nf6 2. Nf3 e6 3. Bf4 b6 4. e3 Bb7 5. Nbd2 Be7 6. h3 c5 7. c3 Qc8 8. Nc4 Ne4 9. Bd3 d5 10. Bxe4 dxe4 11. Nfd2 Qd8 12. 0-0 b5 13. Qb3 Ba6 14. Ne5 cxd4 15. cxd4 f6 16. Ng4 h5 17. Qxe6 hxg4 18. Bxb8 Bc8 19. Qc6+ Qd7 20. Qxa8 Bb7 21. Qxa7 gxh3 22. g3 h2+ 23. Kh1 Bb4 24. Nb3 Qf5 25. f3 Qd5 26. Nc5 Bc6 27. Qxg7 1-0

[Event "ISL-chT 1617"]
[Site "Reykjavik"]
[Date "2017.03.04"]
[Round "9.2"]
[White "Thorsson, Olafur"]
[Black "Ptacnikova, Lenka"]
[Result "1-0"]
[WhiteElo "2156"]
[BlackElo "2159"]
[PlyCount "93"]
[EventDate "2016.09.29"]
[EventType "team-tourn"]
[EventRounds "9"]
[EventCountry "ISL"]
[SourceTitle "EXT 2018"]
[Source "ChessBase"]
[SourceDate "2017.10.13"]
[SourceVersion "1"]
[SourceVersionDate "2017.10.13"]
[SourceQuality "1"]
[WhiteTeam "Vikingaklubburinn"]
[BlackTeam "Huginn II"]
[WhiteTeamCountry "ISL"]
[BlackTeamCountry "ISL"]

1. c4 c5 2. Nf3 g6 3. e3 Nf6 4. d4 Bg7 5. Nc3 0-0 6. d5 d6 7. Be2 Na6 8. 0-0 Nc7 9. a4 b6 10. e4 Rb8 11. Rb1 Nd7 12. Bd2 a5 13. Qc1 e5 14. dxe6 fxe6 15. Bg5 Qe8 16. Rd1 d5 17. cxd5 exd5 18. Nxd5 Ne6 19. Ne7+ Kh8 20. Bb5 Nxg5 21. Qxg5 Bf6 22. Nxg6+ Qxg6 23. Qxg6 hxg6 24. Bxd7 Bb7 25. Re1 c4 26. h4 c3 27. bxc3 Bxc3 28. Re3 Bb4 29. Ng5 Bc5 30. Re2 Ba6 31. Rd2 Rbd8 32. Ne6 Rxf2 33. Rxf2 Bxf2+ 34. Kxf2 Rxd7 35. Rxb6 Rd2+ 36. Ke3 Rd3+ 37. Kf4 Bc4 38. Nf8 Kg7 39. Nxg6 Ra3 40. Ne5 Bf1 41. Kf5 Rxa4 42. Rb7+ Kf8 43. Nd7+ Ke8 44. h5 Bxg2 45. Nf6+ Kf8 46. h6 Rb4 47. h7 1-0

[Event "ISL-chT 1617"]
[Site "Reykjavik"]
[Date "2016.10.02"]
[Round "5.2"]
[White "Dadason, Gudmundur"]
[Black "Thorsson, Olafur"]
[Result "1-0"]
[WhiteElo "2094"]
[BlackElo "2153"]
[PlyCount "45"]
[EventDate "2016.09.29"]
[EventType "team-tourn"]
[EventRounds "9"]
[EventCountry "ISL"]
[SourceTitle "EXT 2018"]
[Source "ChessBase"]
[SourceDate "2017.10.13"]
[SourceVersion "1"]
[SourceVersionDate "2017.10.13"]
[SourceQuality "1"]
[WhiteTeam "Bolungarvik"]
[BlackTeam "Vikingaklubburinn"]
[WhiteTeamCountry "ISL"]
[BlackTeamCountry "ISL"]

1. Nf3 f5 2. g3 Nf6 3. Bg2 g6 4. c4 Bg7 5. Nc3 0-0 6. d4 d6 7. 0-0 Qe8 8. e4 fxe4 9. Ng5 Nc6 10. Be3 e5 11. d5 Bg4 12. Qd2 Nd4 13. Bxd4 exd4 14. Qxd4 Bf5 15. Qd2 Bh6 16. h4 Ng4 17. Ncxe4 Bxe4 18. Rae1 Nf6 19. Qd4 Qa4 20. Bxe4 Bxg5 21. hxg5 Nxe4 22. Rxe4 Rae8 23. Rfe1 1-0

[Event "ISL-chT 1516"]
[Site "Reykjavik"]
[Date "2016.03.04"]
[Round "7.3"]
[White "Loftsson, Hrafn"]
[Black "Thorsson, Olafur"]
[Result "1/2-1/2"]
[WhiteElo "2192"]
[BlackElo "2186"]
[PlyCount "60"]
[EventDate "2015.09.24"]
[EventType "team-tourn"]
[EventRounds "9"]
[EventCountry "ISL"]
[SourceTitle "EXT 2017"]
[Source "ChessBase"]
[SourceDate "2016.10.25"]
[SourceVersion "1"]
[SourceVersionDate "2016.10.25"]
[SourceQuality "1"]
[WhiteTeam "Reykjavik II"]
[BlackTeam "The Viking"]
[WhiteTeamCountry "ISL"]
[BlackTeamCountry "ISL"]

1. Nf3 c5 2. c4 Nc6 3. Nc3 Nf6 4. g3 e6 5. Bg2 d5 6. cxd5 exd5 7. d4 Be7 8. 0-0 0-0 9. dxc5 Bxc5 10. a3 h6 11. b4 Bb6 12. Bb2 Be6 13. Na4 Ne4 14. Nxb6 Qxb6 15. Nd4 Nxd4 16. Qxd4 Qxd4 17. Bxd4 a5 18. bxa5 Rxa5 19. Rfb1 Rfa8 20. Rxb7 Rxa3 21. Rxa3 Rxa3 22. Rb8+ Kh7 23. f3 Ra4 24. fxe4 Rxd4 25. exd5 Bxd5 26. Rd8 Rd1+ 27. Kf2 Bb3 28. Be4+ g6 29. Rxd1 Bxd1 30. Ke3 Kg7 1/2-1/2

[Event "ISL-chT 1415"]
[Site "Reykjavik"]
[Date "2015.03.19"]
[Round "6.4"]
[White "Johannesson, Oliver Aron"]
[Black "Thorsson, Olafur"]
[Result "1/2-1/2"]
[WhiteElo "2192"]
[BlackElo "2194"]
[PlyCount "52"]
[EventDate "2014.10.02"]
[EventType "team-tourn"]
[EventRounds "9"]
[EventCountry "ISL"]
[SourceTitle "EXT 2016"]
[Source "ChessBase"]
[SourceDate "2015.10.08"]
[SourceVersion "1"]
[SourceVersionDate "2015.10.08"]
[SourceQuality "1"]
[WhiteTeam "Fjolnis"]
[BlackTeam "Vikingaklubburinn"]
[WhiteTeamCountry "ISL"]
[BlackTeamCountry "ISL"]

1. d4 Nf6 2. c4 c5 3. d5 a6 4. a4 e6 5. Nc3 exd5 6. cxd5 Bd6 7. Nf3 Bc7 8. d6 Ba5 9. Bg5 h6 10. Bh4 b5 11. e3 Bb7 12. Be2 g5 13. Bg3 Ne4 14. 0-0 Bxc3 15. bxc3 Nxc3 16. Qc2 Qf6 17. Ne5 Nxe2+ 18. Qxe2 Nc6 19. Qb2 b4 20. Rac1 0-0 21. Rxc5 Qg7 22. Qb3 Nxe5 23. Rxe5 a5 24. Re7 Bc6 25. Qd3 Qg6 26. Qd4 b3 1/2-1/2

[Event "ISL-chT 1415"]
[Site "Reykjavik"]
[Date "2014.10.04"]
[Round "4.5"]
[White "Thorsson, Olafur"]
[Black "Jensson, Einar Hjalti"]
[Result "0-1"]
[WhiteElo "2194"]
[BlackElo "2391"]
[PlyCount "55"]
[EventDate "2014.10.02"]
[EventType "team-tourn"]
[EventRounds "9"]
[EventCountry "ISL"]
[SourceTitle "EXT 2015"]
[Source "ChessBase"]
[SourceDate "2014.11.20"]
[SourceVersion "1"]
[SourceVersionDate "2014.11.20"]
[SourceQuality "1"]
[WhiteTeam "Vikingaklubburinn"]
[BlackTeam "Huginn"]
[WhiteTeamCountry "ISL"]
[BlackTeamCountry "ISL"]

1. e4 g6 2. Nc3 Bg7 3. f4 c5 4. Nf3 Nc6 5. Bb5 Nd4 6. Ba4 a6 7. Nxd4 cxd4 8. Ne2 e6 9. 0-0 Ne7 10. d3 0-0 11. c3 b5 12. Bb3 dxc3 13. bxc3 Bb7 14. f5 gxf5 15. Ng3 fxe4 16. Nh5 f5 17. Nxg7 Kxg7 18. dxe4 Bxe4 19. Qd4+ Kg8 20. Bh6 Rf7 21. Rad1 d5 22. Qe5 Qb6+ 23. Rd4 Ng6 24. Qg3 e5 25. Be3 exd4 26. Bxd4 Qc7 27. Qg5 Qe7 28. Qg3 0-1

[Event "Reykjavik op"]
[Site "Reykjavik"]
[Date "2009.03.30"]
[Round "7"]
[White "Arngrimsson, Dagur"]
[Black "Thorsson, Olafur"]
[Result "1/2-1/2"]
[WhiteElo "2404"]
[BlackElo "2199"]
[PlyCount "95"]
[EventDate "2009.03.24"]
[EventType "swiss"]
[EventRounds "9"]
[EventCountry "ISL"]
[SourceTitle "CBM 129 Extra"]
[Source "ChessBase"]
[SourceDate "2009.05.05"]
[SourceVersion "2"]
[SourceVersionDate "2009.05.20"]
[SourceQuality "1"]

1. e4 d5 2. exd5 Nf6 3. d4 Nxd5 4. c4 Nb6 5. c5 N6d7 6. Be3 e5 7. dxe5 Nc6 8. e6 fxe6 9. Bb5 Nxc5 10. Qe2 Ne4 11. Nd2 Bb4 12. 0-0-0 Bxd2+ 13. Bxd2 Nxd2 14. Rxd2 Qe7 15. Bxc6+ bxc6 16. Qh5+ g6 17. Qf3 Bd7 18. Ne2 Rf8 19. Qe3 Rf5 20. Nc3 Qb4 21. Rhd1 Rb8 22. Ne4 Rd5 23. Nf6+ Kd8 24. Nxd7 Kxd7 25. Qh3 Qc4+ 26. Kb1 Qe4+ 27. Ka1 Rbb5 28. Qc3 Rxd2 29. Rxd2+ Rd5 30. Rxd5+ cxd5 31. f3 Qe2 32. a3 Qf1+ 33. Ka2 Kd6 34. Qb4+ Kc6 35. Qa4+ Kb6 36. Qd4+ c5 37. Qe5 Qc4+ 38. Ka1 Qc1+ 39. Ka2 Qc4+ 40. Ka1 d4 41. Qb8+ Ka6 42. Qc8+ Kb6 43. Qb8+ Ka6 44. Qc8+ Kb6 45. Qb8+ Kc6 46. Qc8+ Kb6 47. Qd8+ Kc6 48. Qc8+ 1/2-1/2

[Event "Reykjavik op"]
[Site "Reykjavik"]
[Date "2009.03.29"]
[Round "6"]
[White "Thorsson, Olafur"]
[Black "Einarsson, Einar Kristinn"]
[Result "1-0"]
[WhiteElo "2199"]
[BlackElo "2065"]
[PlyCount "33"]
[EventDate "2009.03.24"]
[EventType "swiss"]
[EventRounds "9"]
[EventCountry "ISL"]
[SourceTitle "CBM 129 Extra"]
[Source "ChessBase"]
[SourceDate "2009.05.05"]
[SourceVersion "2"]
[SourceVersionDate "2009.05.20"]
[SourceQuality "1"]

1. Nf3 c5 2. c4 g6 3. d4 cxd4 4. Nxd4 Bg7 5. Nc3 Nc6 6. Nc2 d6 7. e4 Nf6 8. Be2 0-0 9. 0-0 Be6 10. Rb1 Rc8 11. b3 Qa5 12. Bd2 Qd8 13. Ne3 Nd4 14. Bd3 Nd7 15. Ned5 Nc5 16. Bg5 Nxd3 17. Nxe7+ 1-0

[Event "Reykjavik op"]
[Site "Reykjavik"]
[Date "2009.03.28"]
[Round "5"]
[White "Jonsson, Olafur Gisli"]
[Black "Thorsson, Olafur"]
[Result "0-1"]
[WhiteElo "1913"]
[BlackElo "2199"]
[PlyCount "106"]
[EventDate "2009.03.24"]
[EventType "swiss"]
[EventRounds "9"]
[EventCountry "ISL"]
[SourceTitle "CBM 129 Extra"]
[Source "ChessBase"]
[SourceDate "2009.05.05"]
[SourceVersion "2"]
[SourceVersionDate "2009.05.20"]
[SourceQuality "1"]

1. e4 c5 2. Nf3 e6 3. d4 cxd4 4. Nxd4 Nc6 5. Nc3 Qc7 6. Be3 a6 7. Bd3 Nf6 8. 0-0 Bd6 9. Nxc6 dxc6 10. f4 e5 11. f5 b5 12. a4 h5 13. h3 b4 14. Nb1 Qe7 15. Bg5 Qa7+ 16. Kh1 Ng4 17. Qe2 Be7 18. Bxe7 Qxe7 19. Nd2 a5 20. Rad1 Qc5 21. Rf3 Bb7 22. Nb3 Qb6 23. Bc4 Rd8 24. Rxd8+ Qxd8 25. Qd3 Qc7 26. g3 Nf6 27. Qe3 c5 28. Nd2 Qd6 29. Bd3 Qd4 30. Qxd4 exd4 31. b3 Kd7 32. Rf4 Kc7 33. Kg1 Re8 34. Kf2 Bc6 35. g4 hxg4 36. hxg4 Nh7 37. Nc4 Ng5 38. Kg2 Nxe4 39. Kf1 Ng3+ 40. Kf2 Ne4+ 41. Kf1 Nd6 42. Nxd6 Kxd6 43. f6 g5 44. Rf2 Bd5 45. Rf5 Re5 46. Rf2 Be4 47. Bc4 Bg6 48. Kg2 Re3 49. Kh2 Rc3 50. Kg1 Ke5 51. Kf1 Rxc2 52. Rxc2 Bxc2 53. Bxf7 Kxf6 0-1

[Event "Reykjavik op"]
[Site "Reykjavik"]
[Date "2009.03.25"]
[Round "2"]
[White "Thorsson, Olafur"]
[Black "Benediktsson, Frimann"]
[Result "0-1"]
[WhiteElo "2199"]
[BlackElo "1939"]
[PlyCount "135"]
[EventDate "2009.03.24"]
[EventType "swiss"]
[EventRounds "9"]
[EventCountry "ISL"]
[SourceTitle "CBM 129 Extra"]
[Source "ChessBase"]
[SourceDate "2009.05.05"]
[SourceVersion "2"]
[SourceVersionDate "2009.05.20"]
[SourceQuality "1"]

1. e4 c6 2. c4 d5 3. exd5 cxd5 4. d4 Nf6 5. Nc3 e6 6. Nf3 Be7 7. cxd5 Nxd5 8. Bd3 0-0 9. 0-0 Nc6 10. Re1 Bf6 11. Be4 Nb6 12. Qd3 g6 13. Bh6 Bg7 14. Bxg7 Kxg7 15. Rac1 Nb4 16. Qe2 Nc6 17. Bxc6 bxc6 18. Ne4 Bd7 19. Ne5 Rc8 20. Rc3 Nd5 21. Ra3 Rc7 22. Qd2 h6 23. Rg3 Nf6 24. Rh3 Ng8 25. Rg3 Bc8 26. h4 h5 27. Ng5 c5 28. Ngxf7 Rfxf7 29. Rxg6+ Kf8 30. Re4 Rf5 31. Rf4 Rg7 32. Qd3 Ne7 33. Rxg7 Kxg7 34. Qg3+ Kf8 35. Qg5 Rxf4 36. Qh6+ Ke8 37. Qxh5+ Kf8 38. Qh6+ Ke8 39. Qh5+ Kf8 40. Qh6+ Ke8 41. Qxf4 Nf5 42. dxc5 Qxh4 43. g4 Ne7 44. Qa4+ Kf8 45. Qxa7 Qg5 46. f4 Qh6 47. Qc7 Ke8 48. Nc4 Qh4 49. Nd6+ Kf8 50. Nxc8 Qg3+ 51. Kf1 Qf3+ 52. Ke1 Qe3+ 53. Kd1 Qd3+ 54. Kc1 Qc4+ 55. Kd2 Qd4+ 56. Ke2 Qxb2+ 57. Kf3 Qc3+ 58. Kg2 Qb2+ 59. Kh3 Qc3+ 60. Kg2 Qb2+ 61. Kf3 Qc3+ 62. Ke4 Qe1+ 63. Kd4 Qd1+ 64. Ke5 Qe2+ 65. Kd6 Qd3+ 66. Kxe6 Qd5+ 67. Kf6 Ng8+ 68. Kg6 0-1

[Event "ISL-chT 9899"]
[Site "Reykjavik"]
[Date "1999.03.05"]
[Round "?"]
[White "Riemersma, Liafbern"]
[Black "Thorsson, Olafur"]
[Result "1/2-1/2"]
[WhiteElo "2420"]
[BlackElo "2205"]
[PlyCount "117"]
[EventDate "1998.??.??"]
[EventType "team"]
[EventRounds "7"]
[EventCountry "ISL"]
[SourceTitle "EXT 2000"]
[Source "ChessBase"]
[SourceDate "1999.11.16"]
[SourceVersion "1"]
[SourceVersionDate "1999.11.16"]
[SourceQuality "1"]

1. d4 d6 2. Nf3 Bg4 3. c4 Nd7 4. g3 Bxf3 5. exf3 c6 6. Nc3 Ngf6 7. d5 c5 8. Bg2 g6 9. 0-0 Bg7 10. Qc2 a6 11. a4 0-0 12. f4 Ne8 13. f5 Nc7 14. Re1 Ne5 15. b3 b5 16. axb5 axb5 17. Rxa8 Qxa8 18. f4 Ng4 19. h3 Bd4+ 20. Kh1 Nf2+ 21. Kh2 bxc4 22. bxc4 Na6 23. fxg6 hxg6 24. Ba3 Nb4 25. Bxb4 cxb4 26. Nb5 Bc5 27. f5 b3 28. Qxb3 Qa5 29. Qb1 Qd2 30. Qc1 Qxc1 31. Rxc1 gxf5 32. Re1 Ra8 33. Rxe7 Ra2 34. Nc3 Rc2 35. Na4 Kf8 36. Rc7 Be3 37. c5 dxc5 38. d6 Rd2 39. d7 Ne4 40. Rc8+ Ke7 41. Nb6 Rxd7 42. Nxd7 Kxd7 43. Rf8 c4 44. Rxf7+ Ke6 45. Rc7 Nc5 46. Bf3 Ke5 47. Kg2 Kd4 48. Rc8 Kd3 49. Bh5 Ne6 50. Bg6 Nd4 51. g4 Bg5 52. Rc5 c3 53. Rxf5 Nxf5 54. Bxf5+ Kd4 55. Kg3 Ke5 56. h4 Bd2 57. Bc2 Kf6 58. Kh3 Bf4 59. g5+ 1/2-1/2

[Event "ISL-chT 9899"]
[Site "Reykjavik"]
[Date "1999.03.05"]
[Round "?"]
[White "Thorsson, Olafur"]
[Black "Thorhallsson, Throstur"]
[Result "0-1"]
[WhiteElo "2205"]
[BlackElo "2499"]
[PlyCount "76"]
[EventDate "1998.??.??"]
[EventType "team"]
[EventRounds "7"]
[EventCountry "ISL"]
[SourceTitle "EXT 2000"]
[Source "ChessBase"]
[SourceDate "1999.11.16"]
[SourceVersion "1"]
[SourceVersionDate "1999.11.16"]
[SourceQuality "1"]

1. Nf3 d5 2. c4 dxc4 3. Qa4+ Nd7 4. Qxc4 c5 5. e3 a6 6. Qc2 b6 7. b3 Bb7 8. Bb2 Rc8 9. Be2 Ngf6 10. 0-0 e6 11. d3 Bd6 12. Nbd2 0-0 13. Rfe1 b5 14. Rac1 e5 15. g3 Bb8 16. Qb1 Re8 17. Qa1 Nd5 18. Bf1 g6 19. a3 Qe7 20. Bh3 Rcd8 21. Qb1 N5f6 22. e4 Nf8 23. Bc3 Bc8 24. Bf1 Bb7 25. b4 cxb4 26. axb4 N6d7 27. Nb3 Ba7 28. Qb2 f6 29. d4 exd4 30. Bxd4 Bxd4 31. Nfxd4 Qxb4 32. Qa2 Ne5 33. Re3 Kh8 34. Rc7 Rd7 35. Rxb7 Rxb7 36. Qxa6 Qe7 37. Bxb5 Reb8 38. Rc3 Ra7 0-1

[Event "ISL-chT 9900"]
[Site "Iceland"]
[Date "1999.??.??"]
[Round "?"]
[White "Thorsson, Olafur"]
[Black "Arnason, Asgeir Thor"]
[Result "1-0"]
[WhiteElo "2205"]
[BlackElo "2270"]
[PlyCount "95"]
[EventDate "1999.??.??"]
[EventType "team"]
[EventRounds "9"]
[EventCountry "ISL"]
[SourceTitle "EXT 2001"]
[Source "ChessBase"]
[SourceDate "2000.11.22"]
[SourceVersion "1"]
[SourceVersionDate "2000.11.22"]
[SourceQuality "1"]

1. d4 Nf6 2. Nf3 g6 3. Bg5 Bg7 4. Nbd2 c5 5. Bxf6 Bxf6 6. Ne4 Qb6 7. Nxf6+ Qxf6 8. e4 cxd4 9. e5 Qb6 10. Qxd4 Qxd4 11. Nxd4 0-0 12. Nb5 Na6 13. Bc4 b6 14. 0-0-0 Nb4 15. a3 Nc6 16. Rhe1 Kg7 17. Bd5 Bb7 18. f4 a6 19. Nc3 Rad8 20. Na4 b5 21. Nc5 Bc8 22. b4 Nb8 23. Ne4 e6 24. Ba8 Nc6 25. Bxc6 dxc6 26. Rd6 Rxd6 27. exd6 Rd8 28. Rd1 Kf8 29. Nc5 Ke8 30. g4 f6 31. h3 h5 32. gxh5 gxh5 33. h4 e5 34. fxe5 fxe5 35. Rd3 Bf5 36. Rf3 Bg4 37. Rf6 Ra8 38. Kd2 a5 39. Rh6 Kf7 40. Rh7+ Kf6 41. Rc7 axb4 42. axb4 e4 43. Nxe4+ Ke5 44. Re7+ Kd5 45. d7 Rd8 46. Nf6+ Kd6 47. Re8 Kc7 48. Rxd8 1-0

[Event "ISL-chT 9899"]
[Site "Reykjavik"]
[Date "1998.??.??"]
[Round "?"]
[White "Karason, Askell Orn"]
[Black "Thorsson, Olafur"]
[Result "1-0"]
[WhiteElo "2270"]
[BlackElo "2205"]
[PlyCount "69"]
[EventDate "1998.??.??"]
[EventType "team"]
[EventRounds "7"]
[EventCountry "ISL"]
[SourceTitle "EXT 2000"]
[Source "ChessBase"]
[SourceDate "1999.11.16"]
[SourceVersion "1"]
[SourceVersionDate "1999.11.16"]
[SourceQuality "1"]

1. d4 Nf6 2. c4 e6 3. Nc3 Bb4 4. Nf3 Ne4 5. Qc2 f5 6. e3 b6 7. Bd3 Bb7 8. Bd2 Bxc3 9. Bxc3 0-0 10. 0-0-0 d6 11. Ne1 Qh4 12. f3 Nf2 13. g3 Nxd3+ 14. Nxd3 Qh6 15. Qf2 Nd7 16. Rhe1 a6 17. h4 b5 18. cxb5 axb5 19. Kb1 Nb6 20. Rc1 Qh5 21. Rf1 Nd5 22. b3 Ra7 23. Nf4 Nxf4 24. gxf4 Bd5 25. Rc2 Qe8 26. Qg2 Qa8 27. Re2 b4 28. Ba1 Rf6 29. h5 Rf7 30. e4 Bxb3 31. exf5 exf5 32. Rfe1 Rf8 33. d5 c5 34. Re7 Bxa2+ 35. Kc1 1-0

[Event "ISL-chT 9899"]
[Site "Reykjavik"]
[Date "1998.??.??"]
[Round "?"]
[White "Kristjansson, Stefan"]
[Black "Thorsson, Olafur"]
[Result "0-1"]
[WhiteElo "2255"]
[BlackElo "2205"]
[PlyCount "80"]
[EventDate "1998.??.??"]
[EventType "team"]
[EventRounds "7"]
[EventCountry "ISL"]
[SourceTitle "EXT 2000"]
[Source "ChessBase"]
[SourceDate "1999.11.16"]
[SourceVersion "1"]
[SourceVersionDate "1999.11.16"]
[SourceQuality "1"]

1. e4 c5 2. c3 e6 3. d4 d5 4. e5 Qb6 5. Nf3 Bd7 6. Be2 Bb5 7. dxc5 Bxc5 8. b4 Bxf2+ 9. Kf1 Bc6 10. Qd3 a6 11. a4 Ne7 12. Ra2 Nf5 13. g4 Nh4 14. a5 Qa7 15. Nxh4 Bxh4 16. Be3 b6 17. Bxb6 Qb7 18. Bd4 f6 19. Nd2 0-0 20. exf6 Nd7 21. Nf3 Bxf6 22. g5 Bb5 23. Qe3 Bxd4 24. cxd4 Rxf3+ 25. Qxf3 Rf8 26. Kg2 Rxf3 27. Bxf3 e5 28. Rf2 e4 29. Bg4 Nf8 30. Rc1 Bc4 31. Rcc2 Qe7 32. Rf5 Ng6 33. Kg3 Qc7+ 34. Kh3 Bf1+ 35. Rxf1 Qxc2 36. Be6+ Kh8 37. Rf5 Qc3+ 38. Kg4 Qd2 39. Kg3 Qe3+ 40. Kg4 Qe1 0-1

[Event "Reykjavik op"]
[Site "Reykjavik"]
[Date "1996.??.??"]
[Round "8"]
[White "Gustafson, Dale L"]
[Black "Thorsson, Olafur"]
[Result "0-1"]
[WhiteElo "2090"]
[BlackElo "2160"]
[PlyCount "68"]
[EventDate "1996.03.??"]
[EventType "swiss"]
[EventRounds "9"]
[EventCountry "ISL"]
[SourceTitle "CBM 052"]
[Source "ChessBase"]
[SourceDate "1996.06.01"]
[SourceVersion "1"]
[SourceVersionDate "1996.06.01"]
[SourceQuality "1"]

1. e4 d5 2. exd5 Nf6 3. Nf3 Nxd5 4. d4 g6 5. c4 Nb6 6. Be3 Bg7 7. Qd2 Bg4 8. Nc3 Nc6 9. Rd1 e5 10. d5 Nd4 11. Be2 Bxf3 12. gxf3 Nxc4 13. Qc1 Nxe3 14. fxe3 Qh4+ 15. Kf1 Bh6 16. Ne4 0-0 17. Qc3 Nf5 18. Rd3 Rad8 19. Qxe5 Bg7 20. Qxc7 Rxd5 21. Qf4 Qh3+ 22. Kf2 Rb5 23. b3 Re5 24. Bf1 Qh5 25. h4 Rc8 26. Be2 Ne7 27. Nf6+ Bxf6 28. Qxf6 Nd5 29. Qd6 Rc2 30. Qd8+ Kg7 31. Re1 Qf5 32. e4 Qf4 33. Rxd5 Rxe4 34. Qg5 Qh2+ 0-1